Guess the Celebrity by Picture - Letter E - Statistics

General Stats
  • This quiz has been taken 449 times
    398 since last reset
  • The average score is 9 of 12
Answer Stats
Picture Answer % Correct
Ed Sheeran
97%
Elon Musk
97%
Eminem
97%
Elvis Presley
96%
Emma Watson
94%
Ellen DeGeneres
91%
Elton John
88%
Emma Stone
84%
Emily Blunt
43%
Enrique Iglesias
36%
Ellie Goulding
31%
Elizabeth Taylor
26%
No matching quizzes found
Score Distribution
Percent of People with Each Score
Percentile by Number Answered
Your Score History
You have not taken this quiz since the last reset